| 000 | 00809nab a2200241u 4500 | ||
|---|---|---|---|
| 001 | 21264 | ||
| 003 | HDC | ||
| 007 | c| |||a|c|aaaa | ||
| 008 | 210305b20100212my ||||o |||| 00| 0 eng d | ||
| 040 | _aHDC | ||
| 100 |
_aCathryn Atkinson / _eauthor _918847 |
||
| 245 | 0 |
_aCanadian Mobile Kitchen Companies / _cCathryn Atkinson |
|
| 336 |
_atext _2rdacontent |
||
| 337 |
_acomputer _2rdamedia |
||
| 338 |
_aonline resource _2rdacarrier |
||
| 650 |
_aCanadian mobile kitchen companies online _918848 |
||
| 650 |
_aMobile Kitchens _918849 |
||
| 710 | _aThe Globe and Mail | ||
| 856 | _zRequest full-text at [email protected] | ||
| 942 | _2lcc | ||
| 942 | _cNEWS | ||
| 942 | _kNWS0 004911 | ||
| 999 |
_c18580 _d18580 |
||